| 000 | 00663nam a2200241 a 4500 | ||
|---|---|---|---|
| 999 |
_c4500 _d4500 |
||
| 001 | 4500 | ||
| 003 | BD-JhCC | ||
| 005 | 20171128182943.0 | ||
| 008 | 171127s1971 ii a|||| ||| 001 0 eng d | ||
| 035 | _a(BD-JhCC)4500 | ||
| 040 |
_aBD-JhCC _dBD-JhCC |
||
| 041 | _aeng | ||
| 082 |
_a909.82 _bHEI 1971 |
||
| 100 | _aHeimsath, Chatles H. | ||
| 245 |
_aA Diplomatic History of Modern India / _cChatles H. Heimsath, Surjit Mansingh |
||
| 260 |
_aNew Delhi : _bAllied Publishers, _c1971 |
||
| 300 |
_a559 p. : _c22 cm. |
||
| 504 | _aIncludes Bibliography | ||
| 650 | _aHistory, Modern India | ||
| 700 | _aMansingh, Surjit | ||
| 942 |
_2ddc _cBK |
||